000 00511nam a2200193Ia 4500
003 GCL
008 140319s9999 xx 000 0 eng d
040 _aGCL /
_cGCL
082 0 4 _aCC
_b916.204
_bB V
100 1 _aBREMOND, DE GABRIEL
245 1 0 _aVOYAGE EN EGYPTE 1643 - 1645 /
_cBREMOND, DE GABRIEL
260 _a[S.N] :
_bINSTITUT FRANCAIS D'ARCHEOLOGIE ORIENTAL ،
_c1947
300 _a185 P
650 0 4 _aEGYPT
650 0 4 _aHISTORY
650 0 4 _aTRAVELS
650 0 4 _aCOLLECTIONS
942 _2ddc
_cBK
999 _c14527
_d14527